<?xml version="1.0" encoding="UTF-8"?>
<collection xmlns="http://www.loc.gov/MARC21/slim">
 <record>
  <leader>01273nam a2200205 a 4500</leader>
  <controlfield tag="001">1/49167</controlfield>
  <controlfield tag="008">191113s1983    gr            00010 gre  </controlfield>
  <datafield tag="035" ind1=" " ind2=" ">
   <subfield code="l">52168</subfield>
  </datafield>
  <datafield tag="040" ind1=" " ind2=" ">
   <subfield code="a">GR-PeUP</subfield>
  </datafield>
  <datafield tag="082" ind1="0" ind2="0">
   <subfield code="a">720.94956 ΑΡΧ</subfield>
  </datafield>
  <datafield tag="245" ind1="0" ind2="0">
   <subfield code="a">Αρχιτεκτονική κληρονομιά και μνημεία στη Θεσσαλονίκη :</subfield>
   <subfield code="b">πρακτικά συνεδρίου, 18-22 Μάη 1980 /</subfield>
   <subfield code="c">Δήμος Θεσσαλονίκης ;επιμέλεια Κ. Φωτακέλη - Τσαπάρα.</subfield>
  </datafield>
  <datafield tag="260" ind1="0" ind2=" ">
   <subfield code="a">Θεσσαλονίκη :</subfield>
   <subfield code="b">Δήμος θεσσαλονίκης,</subfield>
   <subfield code="c">1983.</subfield>
  </datafield>
  <datafield tag="300" ind1=" " ind2=" ">
   <subfield code="a">284 σ. :</subfield>
   <subfield code="b">φωτ, πιν. ;</subfield>
   <subfield code="c">24 εκ.</subfield>
  </datafield>
  <datafield tag="500" ind1=" " ind2=" ">
   <subfield code="a">Το Συνέδριο πραγματοποιήθηκε απο 18-22 Μάη 1980 στην Αίθουσα Δημοτικού Συμβουλίου του Δήμου Θεσσαλονίκης.</subfield>
  </datafield>
  <datafield tag="650" ind1=" " ind2="4">
   <subfield code="a">Αρχιτεκτονική</subfield>
   <subfield code="z">Θεσσαλονίκη</subfield>
   <subfield code="x">Συνέδρια.</subfield>
  </datafield>
  <datafield tag="650" ind1=" " ind2="4">
   <subfield code="a">Architecture</subfield>
   <subfield code="z">Greece</subfield>
   <subfield code="z">Thessalonike</subfield>
   <subfield code="x">Congresses.</subfield>
  </datafield>
  <datafield tag="650" ind1=" " ind2="4">
   <subfield code="a">Monuments</subfield>
   <subfield code="z">Greece</subfield>
   <subfield code="z">Thessalonike</subfield>
   <subfield code="x">Congresses.</subfield>
  </datafield>
  <datafield tag="651" ind1=" " ind2="4">
   <subfield code="a">Θεσσαλονίκη</subfield>
   <subfield code="x">Μνημεία.</subfield>
  </datafield>
  <datafield tag="700" ind1="1" ind2=" ">
   <subfield code="a">Φωτακέλη - Τσαπάρα, Κ.</subfield>
  </datafield>
  <datafield tag="852" ind1=" " ind2=" ">
   <subfield code="a">INST</subfield>
   <subfield code="b">UNIPILB</subfield>
   <subfield code="c">MAIN</subfield>
   <subfield code="e">20191113</subfield>
   <subfield code="h">720.94956 ΑΡΧ</subfield>
   <subfield code="p">00181933</subfield>
   <subfield code="q">00181933</subfield>
   <subfield code="t">LOAN</subfield>
   <subfield code="y">0</subfield>
   <subfield code="4">1</subfield>
  </datafield>
 </record>
</collection>
